[Event "SVK-chT3A2 2223"]
[Site "Slovakia"]
[Date "2022.10.16"]
[Round "1.7"]
[White "Filip, Frantisek"]
[Black "Tokos, Rastislav"]
[Result "1/2-1/2"]
[WhiteElo "1702"]
[BlackElo "1766"]
[PlyCount "82"]
[EventDate "2022.10.16"]
[EventType "team-tourn"]
[EventRounds "9"]
[EventCountry "SVK"]
[SourceTitle "EXT 2024"]
[Source "ChessBase"]
[SourceDate "2023.10.10"]
[SourceVersion "1"]
[SourceVersionDate "2023.10.10"]
[SourceQuality "1"]
[WhiteTeam "Hlohovec"]
[BlackTeam "Senica SK"]
[WhiteTeamCountry "SVK"]
[BlackTeamCountry "SVK"]

1. c4 c5 2. Nc3 Nc6 3. g3 Nf6 4. Bg2 b6 5. Nf3 Bb7 6. d3 Nd4 7. e3 Nxf3+ 8. Bxf3 Bxf3 9. Qxf3 e6 10. e4 d6 11. 0-0 Be7 12. Bf4 e5 13. Bg5 Nd7 14. Bxe7 Qxe7 15. Nb5 0-0 16. Qf5 g6 17. Qh3 a6 18. Nc7 Ra7 19. Nd5 Qe6 20. Qh4 Kg7 21. Ne3 Qf6 22. Qg4 h5 23. Qe2 b5 24. b3 Qe6 25. f4 Qh3 26. Rf3 Qe6 27. f5 Qe7 28. Nd5 Qd8 29. f6+ Kh7 30. Qf2 Rh8 31. Rf1 Qf8 32. g4 Qh6 33. Rh3 Kg8 34. Qg3 Qg5 35. Rf3 h4 36. Qg2 Qc1+ 37. Rf1 Qg5 38. Qe2 Rb7 39. Rf2 Kf8 40. Kh1 Qc1+ 41. Rf1 Qg5 1/2-1/2

[Event "SVK-chT4 A21 1617"]
[Site "Slovakia"]
[Date "2017.01.15"]
[Round "7.2"]
[White "Valla, Tomas"]
[Black "Tokos, Rastislav"]
[Result "1/2-1/2"]
[WhiteElo "1838"]
[BlackElo "1816"]
[PlyCount "82"]
[EventDate "2016.10.09"]
[EventType "team-tourn"]
[EventRounds "11"]
[EventCountry "SVK"]
[SourceTitle "EXT 2018"]
[Source "ChessBase"]
[SourceDate "2017.10.13"]
[SourceVersion "1"]
[SourceVersionDate "2017.10.13"]
[SourceQuality "1"]
[WhiteTeam "Gbely Nafta II"]
[BlackTeam "Senica II"]
[WhiteTeamCountry "SVK"]
[BlackTeamCountry "SVK"]

1. e4 c5 2. c3 Nf6 3. Bd3 Nc6 4. Nf3 d6 5. Bc2 Bg4 6. d4 cxd4 7. cxd4 Bxf3 8. gxf3 Qb6 9. Ba4 0-0-0 10. Bxc6 bxc6 11. Nc3 g6 12. Qd3 Bg7 13. Be3 Nd7 14. Rc1 Kb7 15. b4 Rc8 16. Rb1 a6 17. a4 Kc7 18. 0-0 Qb7 19. Qc4 e6 20. Rfc1 Kd8 21. Qd3 Ke7 22. b5 axb5 23. axb5 c5 24. Bg5+ f6 25. Be3 Rhd8 26. Rb2 c4 27. Qc2 d5 28. exd5 exd5 29. Bf4 Kf7 30. Rcb1 Nb6 31. Rb4 Bf8 32. R4b2 Bd6 33. Bg3 Rc7 34. Ra2 Re7 35. Rba1 Qb8 36. Kg2 h5 37. Ra6 Bxg3 38. hxg3 Rdd7 39. Qa2 Rd6 40. Qa3 Rde6 41. Qc5 Qd6 1/2-1/2

[Event "SVK-chT4 A21 1617"]
[Site "Slovakia"]
[Date "2016.10.09"]
[Round "1.4"]
[White "Tokos, Rastislav"]
[Black "Drozd, Jan"]
[Result "1-0"]
[WhiteElo "1816"]
[BlackElo "1563"]
[PlyCount "95"]
[EventDate "2016.10.09"]
[EventType "team-tourn"]
[EventRounds "11"]
[EventCountry "SVK"]
[SourceTitle "CBM 175 Extra"]
[Source "ChessBase"]
[SourceDate "2016.12.12"]
[SourceVersion "1"]
[SourceVersionDate "2016.12.12"]
[SourceQuality "1"]
[WhiteTeam "Senica II"]
[BlackTeam "Senica CVC II"]
[WhiteTeamCountry "SVK"]
[BlackTeamCountry "SVK"]

1. e4 c5 2. Nf3 Nc6 3. d4 cxd4 4. Nxd4 Nf6 5. Nc3 e5 6. Nb3 a6 7. Be3 d6 8. Be2 Be6 9. 0-0 Be7 10. Bf3 0-0 11. Qe2 Qc7 12. Rfd1 b5 13. Rd2 Rfd8 14. g3 Na5 15. Rdd1 Nc4 16. Bc1 b4 17. Nb1 a5 18. N3d2 Rac8 19. c3 d5 20. exd5 Bxd5 21. Bxd5 Rxd5 22. Nf1 Rxd1 23. Qxd1 Rd8 24. Qe2 Nd5 25. b3 Ncb6 26. c4 Nf6 27. Be3 Bc5 28. Nbd2 Nfd7 29. Ne4 f6 30. Rd1 Bxe3 31. Nxe3 Nf8 32. Rd3 Rxd3 33. Qxd3 Ne6 34. Nd5 Nc5 35. Nxc5 Qxc5 36. Nxb6 Qxb6 37. Qd5+ Kf8 38. c5 Qc7 39. Kf1 Ke7 40. Ke2 g5 41. g4 Qd7 42. Qxd7+ Kxd7 43. Kd3 Kc6 44. Kc4 e4 45. h3 h6 46. Kd4 Kb5 47. Kd5 a4 48. c6 1-0

[Event "SVK-chT4A21 1415"]
[Site "Slovakia"]
[Date "2015.03.01"]
[Round "10.4"]
[White "Sadlon, Matus"]
[Black "Tokos, Rastislav"]
[Result "1/2-1/2"]
[WhiteElo "1591"]
[BlackElo "1827"]
[PlyCount "90"]
[EventDate "2014.10.12"]
[EventType "team-tourn"]
[EventRounds "11"]
[EventCountry "SVK"]
[SourceTitle "EXT 2022"]
[Source "ChessBase"]
[SourceDate "2021.10.06"]
[SourceVersion "1"]
[SourceVersionDate "2021.10.06"]
[SourceQuality "1"]
[WhiteTeam "Brezova"]
[BlackTeam "Senica Dragon II"]
[WhiteTeamCountry "SVK"]
[BlackTeamCountry "SVK"]

1. e4 c5 2. Nf3 Nc6 3. c3 d5 4. Qc2 dxe4 5. Qxe4 Nf6 6. Qc2 g6 7. Be2 Bg7 8. d3 0-0 9. Be3 b6 10. Nbd2 Bb7 11. 0-0 Qc7 12. Rad1 Rfd8 13. Ng5 Rd7 14. Nde4 Nxe4 15. dxe4 Rad8 16. Rxd7 Rxd7 17. Bc4 Ne5 18. Be2 a6 19. Nh3 e6 20. f4 Nc6 21. Rd1 Rxd1+ 22. Bxd1 Bc8 23. e5 Ne7 24. Bf3 Bb7 25. Be4 Bxe4 26. Qxe4 Qc6 27. Nf2 Qxe4 28. Nxe4 Nc8 29. Kf1 Kf8 30. Ke2 Ke7 31. Kd3 Kd7 32. Bf2 Kc6 33. Bh4 Kd7 34. Kc4 Kc6 35. Kd3 Kd7 36. g4 Kc6 37. a4 Kd5 38. b4 cxb4 39. cxb4 Kc6 40. Kc4 Bf8 41. Nc3 Be7 42. Bf2 Kb7 43. Ne4 Kc6 44. h3 Kb7 45. Be1 Kc6 1/2-1/2

[Event "SVK-chT4A21 1415"]
[Site "Slovakia"]
[Date "2015.02.15"]
[Round "9.2"]
[White "Tokos, Rastislav"]
[Black "Cerovsky, Marian"]
[Result "1/2-1/2"]
[WhiteElo "1827"]
[BlackElo "1847"]
[PlyCount "58"]
[EventDate "2014.10.12"]
[EventType "team-tourn"]
[EventRounds "11"]
[EventCountry "SVK"]
[SourceTitle "EXT 2022"]
[Source "ChessBase"]
[SourceDate "2021.10.06"]
[SourceVersion "1"]
[SourceVersionDate "2021.10.06"]
[SourceQuality "1"]
[WhiteTeam "Senica Dragon II"]
[BlackTeam "Kopcany"]
[WhiteTeamCountry "SVK"]
[BlackTeamCountry "SVK"]

1. e4 e5 2. Nf3 Nc6 3. Bb5 a6 4. Bxc6 dxc6 5. d4 exd4 6. Qxd4 Qxd4 7. Nxd4 Bc5 8. Be3 Nf6 9. Nd2 0-0 10. f3 Bxd4 11. Bxd4 Nd7 12. Nc4 c5 13. Bf2 b5 14. Na5 f5 15. exf5 Rxf5 16. 0-0-0 Rf7 17. Bg3 Nf8 18. Rd8 Rd7 19. Rd1 Rxd1+ 20. Kxd1 Kf7 21. Nb3 Ne6 22. Rd5 c4 23. Nc5 Ra7 24. Rf5+ Ke7 25. Bh4+ Kd6 26. Bg3+ Ke7 27. Bh4+ Ke8 28. Re5 Kf7 29. Bf2 Nxc5 1/2-1/2

[Event "SVK-chT4A21 1415"]
[Site "Slovakia"]
[Date "2014.10.26"]
[Round "2.4"]
[White "Tokos, Rastislav"]
[Black "Gajarsky, Julius"]
[Result "1-0"]
[WhiteElo "1827"]
[BlackElo "1798"]
[PlyCount "115"]
[EventDate "2014.10.12"]
[EventType "team-tourn"]
[EventRounds "11"]
[EventCountry "SVK"]
[SourceTitle "EXT 2022"]
[Source "ChessBase"]
[SourceDate "2021.10.06"]
[SourceVersion "1"]
[SourceVersionDate "2021.10.06"]
[SourceQuality "1"]
[WhiteTeam "Senica Dragon II"]
[BlackTeam "Modranka Komplet Juniors"]
[WhiteTeamCountry "SVK"]
[BlackTeamCountry "SVK"]

1. e4 c5 2. Nf3 Nc6 3. d4 cxd4 4. Nxd4 Nf6 5. Nc3 e5 6. Nb3 a6 7. Bg5 Be7 8. Qd2 0-0 9. Be2 d6 10. 0-0-0 Be6 11. Kb1 Rc8 12. f3 Bxb3 13. axb3 Nd4 14. Be3 Nxe2 15. Qxe2 b5 16. Nd5 Nxd5 17. Rxd5 Qc7 18. Rhd1 Rfe8 19. R1d3 Qb8 20. Qf2 Rc6 21. f4 f6 22. h4 Rec8 23. Rd2 Bd8 24. g4 Bb6 25. Bxb6 Qxb6 26. Qxb6 Rxb6 27. f5 Rcc6 28. Rg2 Kf7 29. Rd3 Rb7 30. Rdg3 g5 31. hxg5 fxg5 32. Rh3 Kg8 33. Rh6 Rd7 34. Rgh2 a5 35. R2h5 Rg7 36. Re6 Kf8 37. Rhh6 Rf7 38. Rxd6 Rc5 39. Rhe6 Rfc7 40. c3 Kf7 41. Rd5 Rxd5 42. exd5 Re7 43. Rh6 Kg8 44. d6 Rd7 45. Kc2 Kg7 46. Re6 Kf8 47. c4 h5 48. gxh5 g4 49. c5 g3 50. Rxe5 g2 51. Re1 Kf7 52. Rg1 Kf6 53. Rxg2 Kxf5 54. Rg6 Rh7 55. c6 Rxh5 56. c7 Rh2+ 57. Kb1 Rh1+ 58. Ka2 1-0

[Event "SVK-chT4A21 1314"]
[Site "Slovakia"]
[Date "2013.12.08"]
[Round "5.4"]
[White "Dubecky, Ladislav"]
[Black "Tokos, Rastislav"]
[Result "1-0"]
[WhiteElo "1675"]
[BlackElo "1846"]
[PlyCount "98"]
[EventDate "2013.10.06"]
[EventType "team-tourn"]
[EventRounds "11"]
[EventCountry "SVK"]
[SourceTitle "EXT 2022"]
[Source "ChessBase"]
[SourceDate "2021.10.06"]
[SourceVersion "1"]
[SourceVersionDate "2021.10.06"]
[SourceQuality "1"]
[WhiteTeam "Kopcany"]
[BlackTeam "Senica Dragon"]
[WhiteTeamCountry "SVK"]
[BlackTeamCountry "SVK"]

1. e4 c5 2. f4 Nc6 3. Nf3 e6 4. Be2 Nf6 5. d3 d5 6. e5 Nd7 7. 0-0 f6 8. c3 Be7 9. d4 c4 10. b3 cxb3 11. axb3 Qb6 12. Ba3 fxe5 13. fxe5 Bxa3 14. Rxa3 Ndxe5 15. Nxe5 Nxe5 16. Kh1 Nf7 17. Bd3 g6 18. Nd2 Qc7 19. c4 Qe7 20. Ra1 0-0 21. Qc2 Qg5 22. Nf3 Qh6 23. cxd5 exd5 24. Qc5 Bd7 25. Qxd5 Bc6 26. Qc5 Qh5 27. Qa3 Bd5 28. Bc4 Rfd8 29. Qe7 Re8 30. Qb4 Re3 31. Ra5 Rxf3 32. Rxf3 Rd8 33. Qe7 Qh6 34. Rxf7 Bxc4 35. Qxd8+ Kxf7 36. Qc7+ Kf6 37. Qe5+ Kf7 38. Ra1 Ba6 39. Re1 Qd2 40. Qe7+ Kg8 41. Qe8+ Kg7 42. Qe5+ Kf7 43. h4 Qf2 44. Re4 Qf1+ 45. Kh2 Qb5 46. Rf4+ Kg8 47. Qe6+ Kg7 48. Rf7+ Kh6 49. Qe3+ g5 1-0

[Event "SVK-chT4A21 1314"]
[Site "Slovakia"]
[Date "2013.10.06"]
[Round "1.3"]
[White "Pripko, Bystrik"]
[Black "Tokos, Rastislav"]
[Result "0-1"]
[WhiteElo "1721"]
[BlackElo "1846"]
[PlyCount "100"]
[EventDate "2013.10.06"]
[EventType "team-tourn"]
[EventRounds "11"]
[EventCountry "SVK"]
[SourceTitle "EXT 2022"]
[Source "ChessBase"]
[SourceDate "2021.10.06"]
[SourceVersion "1"]
[SourceVersionDate "2021.10.06"]
[SourceQuality "1"]
[WhiteTeam "Chtelnica Kamenar"]
[BlackTeam "Senica Dragon"]
[WhiteTeamCountry "SVK"]
[BlackTeamCountry "SVK"]

1. e4 c5 2. Nc3 Nc6 3. Nf3 g6 4. a3 Bg7 5. h3 e6 6. d3 d5 7. exd5 exd5 8. Be2 Nf6 9. 0-0 0-0 10. Bg5 a6 11. Rb1 Re8 12. Re1 Be6 13. Qc1 Qd7 14. Bh6 Bh8 15. Ng5 Re7 16. Nxe6 Rxe6 17. Bf3 Rae8 18. Rxe6 Qxe6 19. Be3 d4 20. Bd2 dxc3 21. Bxc3 Nd4 22. Bxd4 cxd4 23. Bxb7 Nd5 24. Qg5 Nc7 25. Qa5 Qe5 26. Qa4 Qb5 27. Qxb5 axb5 28. Kf1 Be5 29. b3 Rb8 30. Bc6 Rb6 31. Bf3 Kf8 32. Ra1 Ne6 33. a4 bxa4 34. Rxa4 Nc7 35. Ra5 Bd6 36. Ra4 Bb4 37. Be4 Ne6 38. Bd5 Ke7 39. g3 h5 40. h4 Kd6 41. Bc4 f6 42. Ra8 Ke5 43. Ke2 Kf5 44. f3 Rb7 45. Re8 Re7 46. g4+ hxg4 47. fxg4+ Ke5 48. Rb8 Bd6 49. Rb5+ Kf4 50. h5 Nc7+ 0-1

[Event "SVK-chT4A21 1213"]
[Site "Slovakia"]
[Date "2013.03.17"]
[Round "11.4"]
[White "Tokos, Rastislav"]
[Black "Jarabek, Milan"]
[Result "1-0"]
[WhiteElo "1858"]
[BlackElo "1663"]
[PlyCount "101"]
[EventDate "2012.10.14"]
[EventType "team-tourn"]
[EventRounds "11"]
[EventCountry "SVK"]
[SourceTitle "EXT 2022"]
[Source "ChessBase"]
[SourceDate "2021.10.06"]
[SourceVersion "1"]
[SourceVersionDate "2021.10.06"]
[SourceQuality "1"]
[WhiteTeam "Senica Dragon"]
[BlackTeam "Skalica III"]
[WhiteTeamCountry "SVK"]
[BlackTeamCountry "SVK"]

1. e4 c5 2. Nf3 d6 3. d4 cxd4 4. Nxd4 Nf6 5. Nc3 a6 6. Bd3 Nc6 7. Nxc6 bxc6 8. 0-0 e6 9. h3 Be7 10. Bf4 0-0 11. Re1 Rb8 12. b3 e5 13. Bg3 Be6 14. Ne2 a5 15. Qd2 Nh5 16. Bh2 Bg5 17. Qd1 Qd7 18. g4 Nf4 19. Nxf4 exf4 20. Qf3 h5 21. gxh5 Bxh3 22. Bxf4 Bg4 23. Qg3 Bxf4 24. Qxf4 Bxh5 25. Re3 Qg4+ 26. Qxg4 Bxg4 27. Kg2 Rfe8 28. Rae1 a4 29. e5 d5 30. f4 axb3 31. axb3 c5 32. Rg3 Bd7 33. Rh1 Rb4 34. Rh7 g6 35. Bxg6 fxg6 36. Rxd7 Rxf4 37. Rxg6+ Kf8 38. Rxd5 c4 39. b4 c3 40. b5 Re4 41. e6 R4xe6 42. Rxe6 Rxe6 43. Kf3 Re1 44. Rc5 Rb1 45. Ke3 Ke7 46. Kd4 Kd6 47. Rh5 Kc7 48. Kc5 Rb2 49. Rh7+ Kb8 50. Kc6 Rxc2 51. b6 1-0

[Event "SVK-chT4A21 1213"]
[Site "Slovakia"]
[Date "2012.12.16"]
[Round "5.3"]
[White "Vach, Jozef"]
[Black "Tokos, Rastislav"]
[Result "0-1"]
[WhiteElo "1793"]
[BlackElo "1858"]
[PlyCount "146"]
[EventDate "2012.10.14"]
[EventType "team-tourn"]
[EventRounds "11"]
[EventCountry "SVK"]
[SourceTitle "EXT 2022"]
[Source "ChessBase"]
[SourceDate "2021.10.06"]
[SourceVersion "1"]
[SourceVersionDate "2021.10.06"]
[SourceQuality "1"]
[WhiteTeam "Skalica II"]
[BlackTeam "Senica Dragon"]
[WhiteTeamCountry "SVK"]
[BlackTeamCountry "SVK"]

1. d4 d5 2. c4 dxc4 3. Nc3 Nf6 4. e4 e6 5. Bxc4 Be7 6. Nf3 Nbd7 7. e5 Ng8 8. 0-0 Nb6 9. Bb3 c6 10. Re1 Bd7 11. Bd2 h6 12. Rc1 Bb4 13. Ne4 Be7 14. Ba5 Qb8 15. Nfd2 Nd5 16. Nc4 b6 17. Bd2 a5 18. Ncd6+ Kf8 19. Qf3 Be8 20. Bc2 Ra7 21. g4 Qd8 22. Bb1 Rc7 23. a3 Bxd6 24. Nxd6 Qh4 25. Re4 g5 26. Qg2 Nge7 27. f3 Nf4 28. Bxf4 gxf4 29. Qd2 Nd5 30. Qf2 Qxf2+ 31. Kxf2 h5 32. g5 h4 33. Ree1 h3 34. Rg1 Ne3 35. g6 Ng2 36. gxf7 Bxf7 37. Be4 Be8 38. Nxe8 Kxe8 39. Bxc6+ Ke7 40. Be4 Rhc8 41. Rxc7+ Rxc7 42. Rd1 Ne3 43. Rb1 Rc4 44. Ke2 Rxd4 45. Rc1 Nc4 46. Rc2 Kd7 47. Bd3 Nxe5 48. Bb5+ Kd6 49. Rc8 Rd5 50. Ba6 Ng6 51. Rd8+ Kc5 52. Rc8+ Kd6 53. Rd8+ Ke5 54. Rb8 Rc5 55. Bd3 Kf6 56. Rxb6 Re5+ 57. Kf2 Rg5 58. Bf1 Rc5 59. Bxh3 Nf8 60. Bf1 Nd7 61. Rb5 Rc2+ 62. Be2 Nc5 63. Ke1 Na4 64. Kd1 Rxb2 65. Rxb2 Nxb2+ 66. Kc2 Na4 67. Kb3 Nb6 68. Kc3 e5 69. Kd3 Kf5 70. Bf1 Kf6 71. Ke4 Ke6 72. h4 Na4 73. h5 Nc5# 0-1

[Event "SVK-chT4A21 1213"]
[Site "Slovakia"]
[Date "2012.11.25"]
[Round "4.4"]
[White "Ocko, Martin"]
[Black "Tokos, Rastislav"]
[Result "1/2-1/2"]
[WhiteElo "1661"]
[BlackElo "1858"]
[PlyCount "71"]
[EventDate "2012.10.14"]
[EventType "team-tourn"]
[EventRounds "11"]
[EventCountry "SVK"]
[SourceTitle "EXT 2022"]
[Source "ChessBase"]
[SourceDate "2021.10.06"]
[SourceVersion "1"]
[SourceVersionDate "2021.10.06"]
[SourceQuality "1"]
[WhiteTeam "Senica CVC II"]
[BlackTeam "Senica Dragon"]
[WhiteTeamCountry "SVK"]
[BlackTeamCountry "SVK"]

1. d4 d5 2. c4 dxc4 3. Nc3 Nf6 4. e4 Nc6 5. d5 Ne5 6. Bf4 Nd3+ 7. Bxd3 cxd3 8. Qxd3 a6 9. Nge2 Bd7 10. 0-0 g6 11. e5 Nh5 12. Qe3 Nxf4 13. Nxf4 e6 14. Rad1 Qg5 15. Qd4 Rd8 16. Ne4 Qxf4 17. Nf6+ Qxf6 18. exf6 Bd6 19. Rfe1 c5 20. dxc6 Bxc6 21. Qg4 Kd7 22. Rd2 Kc7 23. Red1 Rd7 24. Qc4 Rhd8 25. g3 Kb8 26. Qh4 h5 27. Qg5 Kc7 28. Qa5+ Kc8 29. b4 Bc7 30. Qg5 Bd5 31. Qe3 Kb8 32. a4 b6 33. b5 a5 34. Qc3 Kb7 35. Rc1 Bb8 36. Qe3 1/2-1/2